Szczegóły MARC21

Wirtschaftsinformatik mit Praxis der Dateiverarbeitung : strukturiert programmieren mit BASICA (GW-BASIC) und Turbo-Pascal für Wirtschaftsgymnasien und Berufsakademien : Grundband /

003 -Nazwa inst., której nr kontr. jest w polu 001 [,]
    • @
    • Nazwa instytucji, której n kontrolny jest w polu 001
    • NUKAT
005 -DATA I CZAS OSTATNIEJ MODYFIKACJI [,]
    • @
    • pole kontrolne
    • 20241231112022.0
020 -Międzynarod. znormalizowany nr książki - ISBN [ , ]
    • a
    • Numer ISBN
    • 3441003942 Find
040 -Instytucja sporządzająca opis [ , ]
    • a
    • Instytucja, która sporządziła opis (NP)
    • SZCZ U/MC
    • b
    • Język katalogowania
    • pol
    • e
    • Zasady katalogowania
    • rda
    • c
    • Instytucja, która sporządziła rekord (NP)
    • SZCZ U/MCs
942 -Rodzaj dokumentu [ , ]
    • c
    • Rodzaj dokumentu
    • Książka
100 -Hasło główne - nazwa osobowa [1, ]
    • a
    • Nazwa osobowa (NP)
    • Wollherr, Reinhard.
    • e
    • Rodzaj współpracy
    • Autor
    • 9
    • KHW
    • 719442
245 -Strefa tytułu i oznaczenia odpowiedzialności [1,0]
    • a
    • Tytuł
    • Wirtschaftsinformatik mit Praxis der Dateiverarbeitung : Find
    • b
    • Ciąg dalszy tytułu (NP)
    • strukturiert programmieren mit BASICA (GW-BASIC) und Turbo-Pascal für Wirtschaftsgymnasien und Berufsakademien : Grundband / Find
    • c
    • Pozostałe elementy strefy tytułu i oznaczenia odpowiedzialności (NP)
    • von Reinhard Wollherr, Hans Schweizer, Bernhard Gärtner, Josef Bittler.
260 -Strefa adresu wydawniczego [ , ]
    • a
    • Miejsce wydania (P)
    • Bad Homburg vor der Höhe :
    • b
    • Nazwa wydawcy (P)
    • Verlag Dr. Max Gehlen,
    • c
    • Data wydania (P)
    • 1988.
300 -Strefa opisu fizycznego [ , ]
    • a
    • Określenie formy książki i/lub objętość (NP)
    • 307 stron :
    • b
    • Oznaczenie ilustracji (NP)
    • ilustracje ;
    • c
    • Format (NP)
    • 23 cm.
336 -Typ zawartości [ , ]
    • a
    • Termin opisujący typ zawartości
    • Tekst
    • b
    • Kod określający zawartość
    • txt
    • 2
    • Źródło (terminu i kodu)
    • rdacontent
337 -Typ mediów [ , ]
    • a
    • Tryb odtwarzania
    • Bez urządzenia pośredniczącego
    • b
    • Kod typu mediów
    • n
    • 2
    • Źródło (terminu i kodu)
    • rdamedia
338 -Typ/rodzaj nośnika [ , ]
    • a
    • Hasło opisujące typ nośnika
    • Wolumin
    • b
    • Kod typu nośnika
    • nc
    • 2
    • Źródło (terminu i kodu)
    • rdacarrier
504 -Uwaga dot. bibliogr. załącznikowej [ , ]
    • a
    • Uwaga dot. bibliografii załącznikowej
    • Indeks.
080 -Uniwersalna Klasyfikacja Dziesiętna [ , ]
    • a
    • Symbol klasyfikacji
    • 681.3.06
080 -Uniwersalna Klasyfikacja Dziesiętna [ , ]
    • a
    • Symbol klasyfikacji
    • :65.012=30
650 -Hasło przedmiotowe [ ,7]
    • a
    • Hasło przedmiotowe
    • Zarządzanie
    • x
    • Określnik rzeczowy
    • informatyka.
    • 2
    • Źródło terminu
    • kaba
    • 9
    • KHW
    • 137500
650 -Hasło przedmiotowe [ ,7]
    • a
    • Hasło przedmiotowe
    • BASIC (język programowania).
    • 2
    • Źródło terminu
    • kaba
    • 9
    • KHW
    • 102253
650 -Hasło przedmiotowe [ ,7]
    • a
    • Hasło przedmiotowe
    • Turbo Pascal (oprogramowanie).
    • 2
    • Źródło terminu
    • kaba
    • 9
    • KHW
    • 134002
980 -Symbol UKD [ , ]
    • a
    • UKD
    • 681.3.06:65.012=30
700 -Hasło dodatkowe - nazwa osobowa [1, ]
    • a
    • Nazwa osobowa (NP)
    • Schweizer, Hans Find
    • c
    • Dopowiedzenie inne niż daty biograficzne (NP)
    • (informatyka).
    • e
    • Określenie rodzaju współpracy
    • Autor
    • 9
    • KHW
    • 719443
700 -Hasło dodatkowe - nazwa osobowa [1, ]
    • a
    • Nazwa osobowa (NP)
    • Bittler, Josef Find
    • c
    • Dopowiedzenie inne niż daty biograficzne (NP)
    • (informatyka).
    • e
    • Określenie rodzaju współpracy
    • Autor
    • 9
    • KHW
    • 719445
700 -Hasło dodatkowe - nazwa osobowa [1, ]
    • a
    • Nazwa osobowa (NP)
    • Gärtner, Bernhard Find
    • c
    • Dopowiedzenie inne niż daty biograficzne (NP)
    • (ekonomia).
    • e
    • Określenie rodzaju współpracy
    • Autor
    • 9
    • KHW
    • 719444
710 -Hasło dodatkowe - nazwa ciała zbiorowego [2, ]
    • a
    • Nazwa ciała zbiorowego lub nazwa geograficzna jako pierwszy element (NP)
    • Verlag Dr. Max Gehlen.
    • e
    • Rodzaj współpracy
    • Wydawca
    • 4
    • Kod relacji
    • pbl
    • 9
    • KHW
    • 605864
920 -ISBN [ , ]
    • a
    • ISBN
    • 3-441-00394-2 Find
Sygnatura Numer inwentarzowy Status udost. Lokalizacja Data inwentaryzacji
 S.781032BE1996-01-03
 S.78100-2BE1996-01-03
FUNDACJA POLSKO-NIEMIECKAS.78101-6BE1996-01-03
FUNDACJA POLSKO-NIEMIECKAS.78102-6BE1996-01-03
 E.63367-15BE1996-01-03